[Event "Copenhagen-ch"]
[Site "Copenhagen"]
[Date "2003.02.14"]
[Round "9"]
[White "Thrane, Jens S"]
[Black "Dogru, Latif"]
[Result "1-0"]
[WhiteElo "1518"]
[BlackElo "1323"]
[PlyCount "65"]
[EventDate "2003.02.07"]
[EventType "swiss"]
[EventRounds "9"]
[EventCountry "DEN"]
[SourceTitle "EXT 2018"]
[Source "ChessBase"]
[SourceDate "2017.10.13"]
[SourceVersion "1"]
[SourceVersionDate "2017.10.13"]
[SourceQuality "1"]

1. d4 Nf6 2. c4 e6 3. f3 c5 4. d5 exd5 5. cxd5 d6 6. e4 g6 7. Nc3 Bg7 8. Bc4 a6 9. a4 Nbd7 10. Nge2 Ne5 11. Bb3 0-0 12. 0-0 Rb8 13. Ng3 b5 14. axb5 axb5 15. Rf2 c4 16. Bc2 b4 17. Nce2 Qb6 18. Nf1 Ba6 19. Be3 Qb7 20. Nf4 Rfc8 21. Ra4 c3 22. b3 Nfd7 23. Nd3 Nxd3 24. Bxd3 Bxd3 25. Qxd3 Nc5 26. Bxc5 Rxc5 27. Rfa2 c2 28. Rxc2 Rxc2 29. Qxc2 Rc8 30. Qd1 Qb5 31. Ne3 Bd4 32. Qxd4 Rc1+ 33. Kf2 1-0

[Event "Copenhagen-ch"]
[Site "Copenhagen"]
[Date "2003.02.08"]
[Round "2"]
[White "Schmidt, Horst Hubert"]
[Black "Dogru, Latif"]
[Result "1-0"]
[WhiteElo "1980"]
[BlackElo "1323"]
[PlyCount "61"]
[EventDate "2003.02.07"]
[EventType "swiss"]
[EventRounds "9"]
[EventCountry "DEN"]
[SourceTitle "EXT 2018"]
[Source "ChessBase"]
[SourceDate "2017.10.13"]
[SourceVersion "1"]
[SourceVersionDate "2017.10.13"]
[SourceQuality "1"]

1. e4 c5 2. Nf3 Nc6 3. c4 d6 4. Nc3 Nf6 5. d3 Bg4 6. Be2 e6 7. 0-0 Be7 8. Be3 0-0 9. a3 d5 10. cxd5 exd5 11. e5 d4 12. exf6 Bxf6 13. Bxd4 Nxd4 14. Nxd4 cxd4 15. Ne4 Bxe2 16. Qxe2 Re8 17. Qg4 Rc8 18. Rac1 Rxc1 19. Rxc1 Kf8 20. Qf5 Kg8 21. h3 Be7 22. Rc4 g6 23. Qb5 f5 24. Rxd4 Qxd4 25. Qxe8+ Bf8 26. Qe6+ Kg7 27. Ng5 h5 28. Qf7+ Kh6 29. Ne6 Qxb2 30. Qxf8+ Qg7 31. Qxg7# 1-0

[Event "Politiken Cup 24th"]
[Site "Copenhagen"]
[Date "2002.07.26"]
[Round "11"]
[White "Dogru, Latif"]
[Black "McShane, Rod"]
[Result "1-0"]
[WhiteElo "1224"]
[BlackElo "1500"]
[PlyCount "101"]
[EventDate "2002.07.15"]
[EventType "swiss"]
[EventRounds "11"]
[EventCountry "DEN"]
[SourceTitle "CBM 089 Extra"]
[Source "ChessBase"]
[SourceDate "2002.09.10"]
[SourceVersion "2"]
[SourceVersionDate "2002.09.10"]
[SourceQuality "1"]

1. e4 c5 2. Nc3 Nc6 3. f4 g6 4. Nf3 Bg7 5. Bb5 e6 6. 0-0 Nge7 7. d3 0-0 8. Qe1 a6 9. Bxc6 Nxc6 10. Be3 d6 11. g4 Nd4 12. Qf2 e5 13. f5 Nxf3+ 14. Qxf3 Qh4 15. Nd5 b5 16. f6 Bxg4 17. Qg3 Qxg3+ 18. hxg3 Be6 19. Ne7+ Kh8 20. fxg7+ Kxg7 21. Kg2 Bg4 22. Rh1 h5 23. Rh4 Ra7 24. Nd5 f6 25. Rhh1 Raf7 26. Raf1 f5 27. exf5 Bxf5 28. Bg5 Re8 29. Ne3 Be6 30. Rxf7+ Bxf7 31. Rf1 Be6 32. Kf3 d5 33. Ke2 d4 34. Nd1 Bg4+ 35. Kd2 e4 36. dxe4 Rxe4 37. Kc1 Bf5 38. Bd8 Re2 39. Rf2 Re1 40. Bb6 Bg4 41. Rd2 Re4 42. c3 dxc3 43. Nxc3 Re1+ 44. Kc2 Bf5+ 45. Kb3 Be6+ 46. Kc2 c4 47. Rd6 Bf5+ 48. Kd2 Re8 49. Bd4+ Kh7 50. Rxa6 Rd8 51. Nxb5 1-0

[Event "Politiken Cup 24th"]
[Site "Copenhagen"]
[Date "2002.07.23"]
[Round "8"]
[White "Dogru, Latif"]
[Black "Rasmussen, Bent"]
[Result "0-1"]
[WhiteElo "1224"]
[BlackElo "1658"]
[PlyCount "102"]
[EventDate "2002.07.15"]
[EventType "swiss"]
[EventRounds "11"]
[EventCountry "DEN"]
[SourceTitle "CBM 089 Extra"]
[Source "ChessBase"]
[SourceDate "2002.09.10"]
[SourceVersion "2"]
[SourceVersionDate "2002.09.10"]
[SourceQuality "1"]

1. e4 e5 2. Nf3 Nc6 3. Bb5 a6 4. Bxc6 dxc6 5. Nc3 f6 6. d4 exd4 7. Qxd4 Qxd4 8. Nxd4 Bd7 9. Be3 0-0-0 10. 0-0-0 Bb4 11. Nde2 Ne7 12. a3 Bd6 13. Na4 Bg4 14. f3 Bh5 15. Rd2 f5 16. Ng3 Bg6 17. exf5 Nxf5 18. Nxf5 Bxf5 19. Rhd1 Be5 20. Rxd8+ Rxd8 21. Rxd8+ Kxd8 22. c3 Bxh2 23. Kd2 Bd6 24. Nc5 Bc8 25. Ne4 h6 26. Bd4 Bf4+ 27. Kc2 g6 28. a4 Bf5 29. g4 Bxe4+ 30. fxe4 h5 31. gxh5 gxh5 32. Bf6+ Kd7 33. Bh4 Ke6 34. Kd3 b5 35. a5 c5 36. b3 c6 37. c4 Bc7 38. cxb5 cxb5 39. Be1 Bd8 40. Ke3 Bg5+ 41. Kf3 Kd7 42. b4 c4 43. Bc3 Ke6 44. e5 Kf5 45. Bd4 Bh6 46. Kg3 Ke6 47. Bc3 Bg7 48. Kh4 Bxe5 49. Bd2 c3 50. Bc1 Kd5 51. Kxh5 Kc4 0-1

[Event "Politiken Cup 24th"]
[Site "Copenhagen"]
[Date "2002.07.19"]
[Round "5"]
[White "Dogru, Latif"]
[Black "Nielsen, Jorgen Kamp"]
[Result "1-0"]
[WhiteElo "1224"]
[BlackElo "1400"]
[PlyCount "85"]
[EventDate "2002.07.15"]
[EventType "swiss"]
[EventRounds "11"]
[EventCountry "DEN"]
[SourceTitle "CBM 089 Extra"]
[Source "ChessBase"]
[SourceDate "2002.09.10"]
[SourceVersion "2"]
[SourceVersionDate "2002.09.10"]
[SourceQuality "1"]

1. e4 Nf6 2. e5 Nd5 3. c4 Nb6 4. Qb3 e6 5. Nc3 c6 6. d4 Be7 7. Bd3 0-0 8. Nge2 d6 9. exd6 Bf6 10. c5 Nd5 11. Bd2 b6 12. Qc2 g6 13. Bh6 Nb4 14. Qd2 Nxd3+ 15. Qxd3 Re8 16. 0-0 Ba6 17. Qd2 e5 18. Be3 exd4 19. Bxd4 Bxe2 20. Bxf6 Qxf6 21. Nxe2 bxc5 22. Rfe1 Nd7 23. Nc3 Qd4 24. Qxd4 cxd4 25. Ne2 d3 26. Nf4 Rxe1+ 27. Rxe1 d2 28. Rd1 Re8 29. Kf1 Re4 30. Ne2 Re8 31. Rxd2 Rd8 32. Ng3 f5 33. f4 Nf6 34. Ke2 Nd5 35. Nf1 Nxf4+ 36. Kf3 Nd5 37. Ne3 Rxd6 38. Nxd5 cxd5 39. Kf4 Kf7 40. Ke5 Ke7 41. Rxd5 Re6+ 42. Kd4 Re2 43. Re5+ 1-0